000 00784cam a2200229 a 4500
001 3508100
005 20171228033321.0
008 951204s1996 enka b 101 0 eng
010 _a 95049616
020 _a0521460859 (hc)
040 _aDLC
_cDLC
_dDLC
041 _aeng
080 _a004.072 WAN
082 0 0 _a004.072 WAN
_220
100 _a30
101 _aSHK
245 0 0 _aComputing tomorrow :
_cedited by Ian Wand and Robin Milner.
504 _aIncludes bibliographical references (p. 336-367) and index.
906 _a7
_bcbc
_corignew
_d1
_eocip
_f19
_gy-gencatlg
942 _2ddc
_cBK
999 _c39504
_d39504